书目信息 |
| 题名: |
日语能力考试2003-2005年试题集
|
|
| 作者: | ;日本国际教育支援协会 主编 | |
| 分册: | 1级 | |
| 出版信息: | 北京 外语教学与研究出版社 2007.08 |
|
| 页数: | 222页 | |
| 开本: | 20cm | |
| 丛书名: | ||
| 单 册: | ||
| 中图分类: | H369.6 | |
| 科图分类: | ||
| 主题词: | 日语 | |
| 电子资源: | ||
| ISBN: | 978-7-5600-6855-8 | |
| 000 | 00769nam0 2200229 45 | |
| 001 | 0957663727 | |
| 005 | 20091027160202.67 | |
| 010 | @a978-7-5600-6855-8@dCNY28.90 | |
| 100 | @a20090515d2007 ekmy0 y0120 ea | |
| 102 | @aCN@b130000 | |
| 102 | @aCN@b110000 | |
| 105 | @ay z 000yy | |
| 200 | 1 | @a日语能力考试2003-2005年试题集@Ari yu neng li kao shi 2003-2005 nian shi ti ji@h1级@f日本国际教育支援协会主编@Fri ben guo ji jiao yu zhi yuan xie hui zhu bian |
| 210 | @a北京@c外语教学与研究出版社@d2007.08 | |
| 210 | @c外语教研@d2007.08 | |
| 215 | @a222页@d20cm | |
| 606 | 0 | @a日语 |
| 690 | @aH369.6@v4 | |
| 711 | 02 | @a日本国际教育支援协会@Ari ben guo ji jiao yu zhi yuan xie hui@4主编 |
| 801 | 0 | @aCN@c20091027 |
| 905 | @a10447@dH369.6@eR6151 | |
| 906 | @d27@n1@r1 | |
| 日语能力考试2003-2005年试题集.1级/日本国际教育支援协会主编.-北京:外语教学与研究出版社,2007.08.-外语教研,2007.08 |
| 222页;20cm |
| ISBN 978-7-5600-6855-8:CNY28.90 |
| ● |
| 相关链接 |
|
|
|
正题名:日语能力考试2003-2005年试题集
索取号:H369.6/R6151
 
预约/预借
| 序号 | 登录号 | 条形码 | 馆藏地/架位号 | 状态 | 备注 |
| 1 | 897080 | 208970808 | 语言库209/209语言库 132排2列1层/ [索取号:H369.6/R6151] | 在馆 |